[Event "ch-RUS Rapid Women 2017"]
[Site "Sochi RUS"]
[Date "2017.09.30"]
[Round "4.16"]
[White "Miroshnik, Ekaterina"]
[Black "Belenkaya, Dina"]
[Result "1-0"]
[WhiteTitle "WFM"]
[BlackTitle "WGM"]
[WhiteElo "2006"]
[BlackElo "2346"]
[WhiteFideId "34127698"]
[BlackFideId "24142654"]
[EventDate "2017.09.30"]

1. d4 d5 2. c4 dxc4 3. e3 Nf6 4. Bxc4 e6 5. Nf3 a6 6. a4 c5 7. O-O Nc6 8. Nc3
cxd4 9. exd4 Be7 10. Re1 O-O 11. Bg5 Nb4 12. Ne5 Nfd5 13. Nxd5 Nxd5 14. Bxd5
Bxg5 15. Be4 g6 16. a5 Bf6 17. Qa4 Rb8 18. Red1 Qd6 19. Nc4 Qf4 20. Bf3 Bxd4 21.
Nb6 e5 22. Nd5 Qg5 23. Rxd4 exd4 24. Qxd4 f6 25. Re1 Kg7 26. h4 Qf5 27. Re7+ Rf7
28. Re8 Qd7 29. Qe3 b5 30. h5 g5 31. Nxf6 Rxf6 32. Re7+ Kh6 33. Rxd7 Bxd7 34.
Qe7 Rbf8 35. Qxd7 R8f7 36. Qd5 Re7 37. Be4 Rfe6 38. f3 Rf6 39. Kf2 Rfe6 40. Kg3
Rf6 41. Qd8 Ref7 42. Qc8 Rf4 43. Bb7 R7f6 44. Bxa6 b4 45. Bd3 Rd4 46. Be4 Rdd6
47. Qc7 Kxh5 48. Qxh7+ Rh6 49. Qf7+ Rhg6 50. Bxg6+ Rxg6 51. a6 1-0

[Event "ch-RUS Rapid Women 2017"]
[Site "Sochi RUS"]
[Date "2017.09.30"]
[Round "5.1"]
[White "Voit, Daria"]
[Black "Kashlinskaya, Alina"]
[Result "0-1"]
[WhiteTitle "FM"]
[BlackTitle "IM"]
[WhiteElo "2387"]
[BlackElo "2446"]
[WhiteFideId "4182146"]
[BlackFideId "4198026"]
[EventDate "2017.09.30"]

1. d4 Nf6 2. Nf3 d5 3. c4 e6 4. g3 Bb4+ 5. Bd2 Bd6 6. Qc2 O-O 7. Bg2 c6 8. O-O
dxc4 9. Qxc4 Nbd7 10. Rd1 Qe7 11. Bf4 e5 12. dxe5 Nxe5 13. Nxe5 Bxe5 14. Bxe5
Qxe5 15. Nc3 Be6 16. Qb4 Qc7 17. Rd2 Ng4 18. Bh3 Nxf2 19. Bxe6 fxe6 20. Kg2 Rf6
21. h3 Raf8 22. e3 Rg6 23. Qd6 Qf7 24. Qf4 Rf6 25. Qe5 Nd3 26. Rxd3 Rf2+ 27. Kg1
Rf1+ 0-1

[Event "ch-RUS Rapid Women 2017"]
[Site "Sochi RUS"]
[Date "2017.09.30"]
[Round "5.2"]
[White "Drozdova, Dina"]
[Black "Bodnaruk, Anastasia"]
[Result "1/2-1/2"]
[WhiteTitle "WIM"]
[BlackTitle "IM"]
[WhiteElo "2223"]
[BlackElo "2432"]
[WhiteFideId "4170695"]
[BlackFideId "4181751"]
[EventDate "2017.09.30"]

1. d4 Nf6 2. Nc3 d5 3. Bg5 Bf5 4. Bxf6 exf6 5. e3 c6 6. Bd3 Qd7 7. Nce2 Bd6 8.
Ng3 Bxd3 9. Qxd3 g6 10. Nf3 O-O 11. O-O Qe7 12. c4 dxc4 13. Qxc4 Nd7 14. Qd3 f5
15. Rfd1 Nf6 16. Rac1 f4 17. exf4 Bxf4 18. Rc2 Rad8 19. Re2 Qc7 20. Ne4 Nd5 21.
g3 Bh6 22. Nc3 Bg7 23. Nxd5 Rxd5 24. Qc4 Qd6 25. Red2 Re8 26. Kg2 Re4 27. Qc2 f5
28. Qb3 Re7 29. Ne5 Kf8 30. Nf3 h6 31. h4 Kg8 32. Ne5 Kh7 33. Nf3 Re4 34. Qxb7
f4 35. Qc8 fxg3 36. fxg3 Rf5 37. Ne5 c5 38. Qc6 Qxc6 39. Nxc6 cxd4 40. Nxd4 Rf7
41. Nf3 Re3 42. Rf1 Rfe7 43. b3 a5 44. Rc2 1/2-1/2

[Event "ch-RUS Rapid Women 2017"]
[Site "Sochi RUS"]
[Date "2017.09.30"]
[Round "5.3"]
[White "Gritsayeva, Oksana"]
[Black "Ubiennykh, Ekaterina"]
[Result "1-0"]
[WhiteTitle "WFM"]
[BlackTitle "WIM"]
[WhiteElo "2373"]
[BlackElo "2308"]
[WhiteFideId "14104652"]
[BlackFideId "4137582"]
[EventDate "2017.09.30"]

1. e4 c6 2. d4 d5 3. exd5 cxd5 4. Bd3 Nc6 5. c3 Qc7 6. h3 e6 7. Nf3 Bd6 8. O-O
f6 9. Na3 a6 10. c4 Qf7 11. Nc2 Nge7 12. b3 O-O 13. Ba3 Bxa3 14. Nxa3 Kh8 15.
Rc1 g5 16. Nc2 Bd7 17. Ne3 Rad8 18. Qe2 Ng6 19. g3 Nge7 20. Kg2 Qg7 21. Bb1 Bc8
22. cxd5 exd5 23. Rfe1 f5 24. Nf1 Rd6 25. Qd2 g4 26. hxg4 f4 27. g5 Ng6 28. N1h2
Qd7 29. g4 Qd8 30. Rh1 Be6 31. Rce1 Qd7 32. Bxg6 hxg6 33. Ne5 Nxe5 34. Nf3+ Kg7
35. Nxe5 Qe7 36. Rh6 Bg8 37. f3 Qxg5 38. Rh2 Rc8 39. Nd3 Rf8 40. Qb4 Rd7 41. Ne5
Rc7 42. Re2 Qd8 43. Rh1 Rf6 44. Rhe1 Re6 45. Qd2 g5 46. Nd3 Rce7 47. Rxe6 Rxe6
48. Rxe6 Bxe6 49. Nc5 Bc8 50. Qe2 Qc7 51. Nd3 Kf6 52. Qe5+ Qxe5 53. Nxe5 Be6 54.
Kf2 Ke7 55. Ke2 Bg8 56. Kd3 Bh7+ 57. Kc3 a5 58. Kb2 Bg8 59. Ka3 Kd6 60. Ka4 b6
61. Kb5 Kc7 62. Ka6 Be6 63. Ka7 Bc8 64. a3 b5 65. b4 a4 66. Nd3 Bb7 67. Ne5 Bc8
68. Ka8 Bb7+ 69. Ka7 Bc8 70. Nd3 Bb7 71. Nc5 Bc8 72. Ka8 Bxg4 73. fxg4 f3 74.
Nd3 Kb6 75. Kb8 Kc6 76. Ka7 1-0

[Event "ch-RUS Rapid Women 2017"]
[Site "Sochi RUS"]
[Date "2017.09.30"]
[Round "5.4"]
[White "Goryachkina, Aleksandra"]
[Black "Bivol, Alina"]
[Result "1-0"]
[WhiteTitle "WGM"]
[BlackTitle "WGM"]
[WhiteElo "2478"]
[BlackElo "2375"]
[WhiteFideId "4147103"]
[BlackFideId "4100123"]
[EventDate "2017.09.30"]

1. e4 e6 2. d4 d5 3. Bd3 c5 4. exd5 exd5 5. Nf3 c4 6. Be2 Nf6 7. O-O Be7 8. b3
cxb3 9. axb3 O-O 10. c4 Nc6 11. h3 Ne4 12. Bb2 Bf6 13. Na3 Nb4 14. Nc2 Nxc2 15.
Qxc2 Bf5 16. Bd3 Re8 17. Ne5 Bxe5 18. dxe5 Bg6 19. Rfd1 Qb6 20. cxd5 Rac8 21.
Qe2 Qxb3 22. Bxe4 Bxe4 23. Qxe4 Qxb2 24. Re1 Rcd8 25. Rxa7 g6 26. Raa1 Re7 27.
h4 Rde8 28. f4 Qb6+ 29. Qe3 Qb4 30. Rad1 Rd7 31. h5 gxh5 32. Kh2 Rc8 33. Qg3+
Kh8 34. Qh4 Rg8 35. Qf6+ Rg7 36. Rc1 Qf8 37. e6 Rd6 1-0

[Event "ch-RUS Rapid Women 2017"]
[Site "Sochi RUS"]
[Date "2017.09.30"]
[Round "5.5"]
[White "Ambartsumova, Karina"]
[Black "Kharmunova, Nadezhda"]
[Result "1-0"]
[WhiteTitle "WGM"]
[BlackTitle "WIM"]
[WhiteElo "2359"]
[BlackElo "2199"]
[WhiteFideId "4166299"]
[BlackFideId "4195876"]
[EventDate "2017.09.30"]

1. d4 Nf6 2. Nf3 e6 3. Bf4 b6 4. e3 Bb7 5. h3 d6 6. Bd3 Ne4 7. Nbd2 d5 8. O-O
Nd7 9. c4 Be7 10. Qc2 Nef6 11. e4 dxe4 12. Nxe4 Nxe4 13. Bxe4 Bxe4 14. Qxe4 O-O
15. Qc6 Nf6 16. Rac1 Bd6 17. Ne5 Qe8 18. Qf3 Nd7 19. Nc6 Bxf4 20. Qxf4 Nc5 21.
Qxc7 Nd3 22. Rc2 Kh8 23. Qd6 a5 24. Rd1 Rc8 25. Na7 Rd8 26. Qxb6 Nb4 27. Rcd2
Qe7 28. a3 Ra8 29. axb4 Rxa7 30. bxa5 Rfa8 31. b4 Rb7 32. Qc5 Qd8 33. d5 e5 34.
d6 Rc8 35. Qxe5 Rxb4 36. d7 Ra8 37. Re1 Rbb8 38. a6 h6 39. a7 Rxa7 40. Qxb8 1-0

[Event "ch-RUS Rapid Women 2017"]
[Site "Sochi RUS"]
[Date "2017.09.30"]
[Round "5.6"]
[White "Charochkina, Daria"]
[Black "Goltseva, Ekaterina"]
[Result "0-1"]
[WhiteTitle "IM"]
[BlackTitle "WFM"]
[WhiteElo "2339"]
[BlackElo "2214"]
[WhiteFideId "4180917"]
[BlackFideId "24173770"]
[EventDate "2017.09.30"]

1. d4 d5 2. Bf4 Nf6 3. e3 c5 4. c3 Nc6 5. Nd2 e6 6. Ngf3 cxd4 7. exd4 Nh5 8. Be3
g6 9. Bb5 Bd7 10. Nb3 Qc7 11. O-O Bg7 12. Nc5 O-O 13. Nxd7 Qxd7 14. Qd2 a6 15.
Ba4 b5 16. Bc2 Na5 17. b3 Nb7 18. Rac1 Nd6 19. Rfe1 Rac8 20. Ne5 Qc7 21. Bd3 f5
22. Qd1 Bxe5 23. dxe5 Ne4 24. c4 bxc4 25. bxc4 Qb7 26. cxd5 Rxc1 27. Qxc1 exd5
28. f3 Rc8 29. Qa3 Rc3 30. Qxa6 Qxa6 31. Bxa6 Nc5 32. Bxc5 Rxc5 33. a4 Kf8 34.
g4 Nf4 35. gxf5 gxf5 36. Kf2 Ne6 37. Rb1 Rc2+ 38. Kg3 Ra2 39. Rb8+ Kg7 40. Bb5
Nc5 41. Rc8 Nxa4 42. e6 Kf6 43. Bd7 Nb6 44. Rf8+ Ke7 45. Rf7+ Kd6 46. Rxh7 Re2
47. Kf4 d4 48. Bb5 Rxe6 49. Bd3 Re3 50. Bxf5 Nd5+ 51. Kg5 Rxf3 52. Rd7+ Ke5 53.
Bg4 Rf2 54. h4 Rg2 55. h5 Rxg4+ 56. Kh6 d3 57. Ra7 d2 0-1

[Event "ch-RUS Rapid Women 2017"]
[Site "Sochi RUS"]
[Date "2017.09.30"]
[Round "5.7"]
[White "Pogonina, Natalija"]
[Black "Belova, Olga"]
[Result "1-0"]
[WhiteTitle "WGM"]
[BlackTitle "WFM"]
[WhiteElo "2466"]
[BlackElo "2096"]
[WhiteFideId "4147855"]
[BlackFideId "4138422"]
[EventDate "2017.09.30"]

1. d4 d5 2. Nf3 Nf6 3. c4 c6 4. e3 Bg4 5. Be2 e6 6. O-O Bd6 7. b3 O-O 8. Bb2
Nbd7 9. Nbd2 Qb8 10. h3 Bxf3 11. Nxf3 Re8 12. Qc2 Ne4 13. Bd3 f5 14. Nd2 Qd8 15.
Nf3 Rc8 16. Ne5 Nxe5 17. dxe5 Bf8 18. Rfd1 Qh4 19. Rac1 g6 20. f3 Nc5 21. Bf1
Bh6 22. Qf2 Qe7 23. Ba3 b6 24. b4 Na6 25. Rb1 Nc7 26. Rb3 Red8 27. cxd5 exd5 28.
f4 Ne6 29. Bb2 Bf8 30. a3 Qf7 31. Rbd3 a5 32. Bc3 Qb7 33. Qf3 axb4 34. axb4 Ra8
35. g4 Ng7 36. b5 Ra3 37. bxc6 Qxc6 38. Be1 Bc5 39. Rxa3 Bxa3 40. Bg2 Bc5 41.
Bf2 Qb5 42. Rxd5 Qb1+ 43. Kh2 Rf8 44. Rd7 Qb3 45. Qb7 1-0

[Event "ch-RUS Rapid Women 2017"]
[Site "Sochi RUS"]
[Date "2017.09.30"]
[Round "5.8"]
[White "Nechaeva, Marina"]
[Black "Shaydullina, Sandugach"]
[Result "1/2-1/2"]
[WhiteTitle "IM"]
[BlackTitle "WGM"]
[WhiteElo "2431"]
[BlackElo "2185"]
[WhiteFideId "4149351"]
[BlackFideId "4140389"]
[EventDate "2017.09.30"]

1. d4 f5 2. c4 Nf6 3. Nc3 e6 4. e3 d5 5. Bd3 c6 6. Nge2 Bd6 7. f3 O-O 8. O-O Na6
9. a3 dxc4 10. Bxc4 b5 11. Bd3 b4 12. Na4 bxa3 13. bxa3 Rb8 14. Qc2 Qc7 15. h3
c5 16. Bd2 cxd4 17. Nxd4 Qxc2 18. Bxc2 Bd7 19. Rfc1 Nd5 20. Bd3 Bxa4 21. Bxa6
Bd7 22. Bc4 f4 23. Bxd5 exd5 24. exf4 Rb2 25. Bc3 Rb6 26. Ba5 Rb2 27. Bc3 Rb6
28. Bd2 Rb2 29. Be3 Re8 30. Rc3 g6 31. Kh1 a5 32. Rd1 Ba4 33. Rdc1 Bd7 34. Rd3
Rxe3 35. Rxe3 Bxf4 1/2-1/2

[Event "ch-RUS Rapid Women 2017"]
[Site "Sochi RUS"]
[Date "2017.09.30"]
[Round "5.9"]
[White "Girya, Olga"]
[Black "Komiagina, Maria"]
[Result "1-0"]
[WhiteTitle "WGM"]
[BlackTitle "WIM"]
[WhiteElo "2505"]
[BlackElo "2234"]
[WhiteFideId "4195752"]
[BlackFideId "4153987"]
[EventDate "2017.09.30"]

1. d4 Nf6 2. c4 e6 3. Nf3 d5 4. Nc3 c6 5. Bg5 Nbd7 6. e3 Qa5 7. Nd2 dxc4 8. Bxf6
Nxf6 9. Nxc4 Qc7 10. g3 Be7 11. Bg2 O-O 12. O-O Bd7 13. Rc1 Rfd8 14. Qe2 Be8 15.
a3 a5 16. f4 Rac8 17. Ne5 Nd5 18. Ne4 f6 19. Nd3 Bf7 20. Nd2 Qd7 21. Nc4 Qc7 22.
Nd2 a4 23. Nf3 b5 24. Nc5 Nb6 25. Bh3 Bxc5 26. Rxc5 Qd6 27. Nd2 Bg6 28. Rfc1 Nd7
29. R5c3 Nb6 30. Bg2 Be8 31. Rc5 Nd5 32. Ne4 Qe7 33. Nd2 Qd6 34. h3 Bf7 35. Kh2
Bg6 36. h4 h5 37. Bf3 Qd7 38. Bg2 Qe8 39. Bf3 Bf7 40. Ne4 Nb6 41. Bxh5 Bxh5 42.
Rxh5 Nc4 43. Rc5 Rd5 44. Rc2 Rxc5 45. Nxc5 e5 46. dxe5 fxe5 47. f5 Rd8 48. Nxa4
Qf7 49. e4 Qa7 50. Nc3 Rd4 51. a4 Qa5 52. axb5 cxb5 53. Nd5 Qa1 54. f6 Rd1 55.
Qf3 Nd2 56. f7+ Kf8 57. Rc8# 1-0

[Event "ch-RUS Rapid Women 2017"]
[Site "Sochi RUS"]
[Date "2017.09.30"]
[Round "5.10"]
[White "Maltsevskaya, Aleksandra"]
[Black "Vasilevich, Tatjana"]
[Result "1-0"]
[BlackTitle "IM"]
[WhiteElo "2271"]
[BlackElo "2360"]
[WhiteFideId "24174041"]
[BlackFideId "14101610"]
[EventDate "2017.09.30"]

1. e4 c5 2. Nf3 a6 3. c3 e6 4. d4 d5 5. exd5 exd5 6. Be2 Bd6 7. dxc5 Bxc5 8. O-O
Ne7 9. Nbd2 O-O 10. Nb3 Bb6 11. Nbd4 Nbc6 12. Be3 Bc7 13. Qb3 Qd6 14. g3 Ng6 15.
Rfd1 Rd8 16. c4 dxc4 17. Bxc4 Na5 18. Bxf7+ Kf8 19. Qc3 Kxf7 20. Nf5 Qxd1+ 21.
Rxd1 Rxd1+ 22. Kg2 Bxf5 23. Qxc7+ Rd7 24. Ng5+ Kg8 25. Qxa5 Rf8 26. Qa4 h6 27.
Qb3+ Kh8 28. Ne6 Be4+ 29. Kf1 Re8 30. Nc5 Bd5 31. Qc2 Rd6 32. Nxb7 Bxb7 33. Qc7
Rf6 34. Bd4 Re7 35. Qd8+ Rf8 36. Qb6 Kh7 37. h4 Bf3 38. Qc5 Rfe8 39. Be3 Rd7 40.
Bd4 Rde7 41. Be3 Rd7 42. Bd4 Rde7 43. Be3 Rd8 44. Bd4 Red7 45. Qf5 Rf7 46. Qxf7
Ne5 47. Qf5+ 1-0

[Event "ch-RUS Rapid Women 2017"]
[Site "Sochi RUS"]
[Date "2017.09.30"]
[Round "5.11"]
[White "Fairuzova, Zulfiiya"]
[Black "Kovanova, Baira"]
[Result "1/2-1/2"]
[BlackTitle "WGM"]
[WhiteElo "1714"]
[BlackElo "2368"]
[WhiteFideId "34107654"]
[BlackFideId "4164083"]
[EventDate "2017.09.30"]

1. d4 Nf6 2. Nf3 e6 3. c4 Bb4+ 4. Bd2 c5 5. e3 O-O 6. Bxb4 cxb4 7. Bd3 d6 8. a3
Nc6 9. O-O bxa3 10. Nxa3 e5 11. Nd2 exd4 12. exd4 Nxd4 13. Ne4 Bf5 14. Nxf6+
Qxf6 15. Bxf5 Nxf5 16. Qf3 a6 17. Nc2 Qg6 18. Ne3 Nxe3 19. Qxe3 Rac8 20. b3 Rfe8
21. Qd4 Rc6 22. Rfe1 Rcc8 23. Qd5 Qc2 24. Qxb7 Qc3 25. Rf1 Rb8 26. Qc6 Qxb3 27.
Qxd6 Qxc4 28. Qxa6 Qxa6 1/2-1/2

[Event "ch-RUS Rapid Women 2017"]
[Site "Sochi RUS"]
[Date "2017.09.30"]
[Round "5.12"]
[White "Tomilova, Elena"]
[Black "Faizutdinova, Diana"]
[Result "1-0"]
[WhiteTitle "WIM"]
[WhiteElo "2307"]
[BlackElo "2046"]
[WhiteFideId "4162340"]
[BlackFideId "24143731"]
[EventDate "2017.09.30"]

1. c4 Nf6 2. g3 c6 3. Nf3 g6 4. b3 Bg7 5. Bb2 O-O 6. Bg2 d5 7. O-O Re8 8. d4 Bf5
9. Nbd2 Ne4 10. Nh4 Nxd2 11. Qxd2 Be6 12. Rac1 Nd7 13. Nf3 Nf6 14. cxd5 Bxd5 15.
e3 Ne4 16. Qe2 Nd6 17. Rfd1 a5 18. Ne5 Bxg2 19. Kxg2 a4 20. Qc2 axb3 21. axb3
Qa5 22. e4 Qb5 23. Nc4 Ra2 24. Rb1 Rea8 25. Qd3 Nxc4 26. bxc4 Qa4 27. e5 b5 28.
cxb5 Qxb5 29. Qxb5 cxb5 30. Bc3 Rc8 31. Be1 Rd8 32. Rxb5 f6 33. exf6 Bxf6 34. d5
Rc8 35. Rb7 Rcc2 36. h4 Re2 37. Kf3 Rec2 38. Kg2 h6 39. d6 exd6 40. Rxd6 Bc3 41.
Rd8# 1-0

[Event "ch-RUS Rapid Women 2017"]
[Site "Sochi RUS"]
[Date "2017.09.30"]
[Round "5.13"]
[White "Miroshnik, Ekaterina"]
[Black "Styazhkina, Anna"]
[Result "0-1"]
[WhiteTitle "WFM"]
[BlackTitle "WIM"]
[WhiteElo "2006"]
[BlackElo "2301"]
[WhiteFideId "34127698"]
[BlackFideId "24119300"]
[EventDate "2017.09.30"]

1. d4 d5 2. c4 c6 3. e3 Nf6 4. Nf3 Bg4 5. Nc3 e6 6. Be2 Be7 7. O-O O-O 8. Ne5
Bxe2 9. Qxe2 Nbd7 10. e4 Nxe5 11. dxe5 Nxe4 12. Nxe4 dxe4 13. Qxe4 Qb6 14. b3
Bc5 15. Bg5 h6 16. Bh4 a5 17. Rab1 Bd4 18. Rfd1 c5 19. a3 Qc7 20. Re1 b6 21. a4
Ra7 22. Kh1 Qb7 23. Qxb7 Rxb7 24. Rbd1 Rd7 25. Rd3 g5 26. Bg3 Kg7 27. f4 Rfd8
28. Red1 Kg6 29. fxg5 hxg5 30. Rf1 Bb2 31. Rdf3 Re7 32. h3 Rd2 33. Kh2 Red7 34.
R1f2 Rxf2 35. Rxf2 Bc1 36. Rf3 Rd4 37. Kg1 Rd1+ 38. Kh2 Bb2 39. Re3 Bd4 40. Rf3
Rd2 41. Kh1 Re2 42. Kh2 Re3 43. Rf6+ Kg7 44. Rf3 Re4 45. Rd3 Kf8 46. Rf3 Ke7 47.
Rd3 Bxe5 48. Bxe5 Rxe5 49. Kg3 f5 50. Kf3 Re4 51. g3 Re1 52. h4 gxh4 53. gxh4
Rh1 54. Kg3 Rg1+ 55. Kf2 Rh1 56. Kg3 e5 57. Rd5 Ke6 58. Rd8 Rb1 59. Re8+ Kf6 60.
Rf8+ Kg6 61. Rg8+ Kf7 62. Rg5 Rxb3+ 63. Kg2 Kf6 64. Rg8 Rb4 65. h5 Rxc4 66. Rb8
Kg5 0-1

[Event "ch-RUS Rapid Women 2017"]
[Site "Sochi RUS"]
[Date "2017.09.30"]
[Round "5.14"]
[White "Getman, Tatyana"]
[Black "Sukhareva, Evgeniya"]
[Result "0-1"]
[WhiteElo "2014"]
[BlackElo "2207"]
[WhiteFideId "34166146"]
[BlackFideId "4167155"]
[EventDate "2017.09.30"]

1. d4 Nf6 2. c4 e6 3. Nf3 d5 4. Nc3 c5 5. dxc5 Bxc5 6. cxd5 exd5 7. e3 O-O 8.
Be2 a6 9. O-O b5 10. a3 Bb7 11. b4 Bd6 12. Bb2 Nbd7 13. Nd4 Rc8 14. Nf5 Be5 15.
Qb3 Re8 16. Bf3 Rc4 17. h3 Nb6 18. Ne2 g6 19. Bxe5 Rxe5 20. Nfd4 h5 21. Nf4 Nh7
22. Nd3 Re8 23. Nc5 Bc8 24. Rad1 Ng5 25. Be2 Nxh3+ 26. gxh3 Qg5+ 27. Kh2 Qh4 28.
e4 dxe4 29. Bxc4 Nxc4 30. Qg3 Qf6 31. Nc2 Ne5 32. Ne3 h4 33. Qg2 Nf3+ 34. Kh1
Qf4 35. Nd5 Qe5 36. Ne3 Kg7 37. Rd5 Qf4 38. Rf5 Bxf5 39. Nxf5+ Qxf5 40. Rd1 Qe5
41. Nxa6 Ra8 42. Nc5 Rxa3 43. Nd7 Rd3 44. Rxd3 Qa1+ 0-1

[Event "ch-RUS Rapid Women 2017"]
[Site "Sochi RUS"]
[Date "2017.09.30"]
[Round "5.15"]
[White "Pischal, Yulia"]
[Black "Semenova, Elena1"]
[Result "1-0"]
[WhiteTitle "WFM"]
[BlackTitle "WIM"]
[WhiteElo "1963"]
[BlackElo "2284"]
[WhiteFideId "14102390"]
[BlackFideId "24125148"]
[EventDate "2017.09.30"]

1. e4 e5 2. Nc3 Nf6 3. g3 d5 4. exd5 Nxd5 5. Bg2 Nxc3 6. bxc3 Nc6 7. d3 Bc5 8.
Be3 Bb6 9. Nf3 O-O 10. O-O Bg4 11. Qe1 Re8 12. Nd2 Be6 13. Ne4 Rb8 14. c4 h6 15.
Qc1 Bd4 16. Rb1 Qe7 17. Bxh6 gxh6 18. Qxh6 f5 19. Nf6+ Kf7 20. Nxe8 Qxe8 21.
Qh7+ Kf6 22. Qh4+ Kg7 23. Qg5+ Kf7 24. Bf3 Qh8 25. Bd5 Ne7 26. Bf3 Rg8 27. Qh5+
Qxh5 28. Bxh5+ Kf6 29. c3 Bb6 30. Rfd1 f4 31. Kf1 Rh8 32. g4 Kg5 33. f3 Rd8 34.
Rb5 Nc6 35. Ke2 a6 36. Rbb1 Bg8 37. Rh1 Kh4 38. Bg6 Ne7 39. Be4 Bf7 40. Bxb7 Bg6
41. Be4 Bxe4 42. dxe4 Ng6 43. Rhd1 Rxd1 44. Rxd1 Kh3 45. Rd7 Kxh2 46. Rg7 Nh4
47. Rh7 Kg3 48. g5 Bc5 49. Rxc7 Bd6 50. g6 Nxf3 51. g7 1-0

[Event "ch-RUS Rapid Women 2017"]
[Site "Sochi RUS"]
[Date "2017.09.30"]
[Round "5.16"]
[White "Belkova, Diana"]
[Black "Bezgodova, Svetlana"]
[Result "0-1"]
[BlackTitle "WIM"]
[WhiteElo "1962"]
[BlackElo "2060"]
[WhiteFideId "34102849"]
[BlackFideId "4110650"]
[EventDate "2017.09.30"]

1. e4 e5 2. Nf3 Nc6 3. d4 exd4 4. Nxd4 Bc5 5. Nxc6 Qf6 6. Qf3 Qxf3 7. gxf3 bxc6
8. Nc3 Ne7 9. Bc4 Rb8 10. Bb3 d6 11. Be3 Bb6 12. Kd2 Ng6 13. Rag1 Be6 14. h4 Ne5
15. Rxg7 Nxf3+ 16. Kd1 Bxb3 17. axb3 Bxe3 18. fxe3 Ke7 19. Rf1 Ne5 20. Ne2 Rbg8
21. Rfg1 Kf8 22. R7g3 Rxg3 23. Rxg3 Rg8 24. Rxg8+ Kxg8 25. Ng3 Kg7 26. Ke2 Kf6
27. Nh5+ Ke7 28. Kf2 c5 29. Nf4 c6 30. Ne2 a5 31. Ng3 Kd7 32. Ke2 Ke6 33. Kf2 c4
34. bxc4 Nxc4 35. b3 Na3 36. c4 Ke5 37. Ke2 Nc2 38. Kd2 Nb4 39. Kc3 Na6 40. Nf5
Nc5 41. Ne7 Nxe4+ 42. Kc2 c5 43. Nc6+ Ke6 44. Kd3 f5 45. Nxa5 Kd7 46. Ke2 Kc7
47. Kf3 Kb6 48. b4 cxb4 49. Nb3 Nc5 50. Nd4 b3 51. Nb5 b2 52. Na3 Ne6 53. Ke2
Kc5 54. Kd3 Kb4 55. Nb1 Kb3 56. h5 h6 57. Nd2+ Ka2 58. Kc2 Ng7 59. Nb1 Nxh5 60.
Nc3+ Ka1 61. c5 dxc5 62. Nb1 Nf6 0-1

[Event "ch-RUS Rapid Women 2017"]
[Site "Sochi RUS"]
[Date "2017.10.01"]
[Round "6.1"]
[White "Kashlinskaya, Alina"]
[Black "Bodnaruk, Anastasia"]
[Result "0-1"]
[WhiteTitle "IM"]
[BlackTitle "IM"]
[WhiteElo "2446"]
[BlackElo "2432"]
[WhiteFideId "4198026"]
[BlackFideId "4181751"]
[EventDate "2017.09.30"]

1. d4 Nf6 2. c4 g6 3. Nc3 Bg7 4. e4 d6 5. f4 O-O 6. Nf3 c5 7. d5 e6 8. Be2 exd5
9. cxd5 Bg4 10. O-O Re8 11. h3 Bxf3 12. Bxf3 Nbd7 13. a4 c4 14. Be3 Rc8 15. Bd4
Nc5 16. e5 Nfd7 17. e6 fxe6 18. Bxg7 Kxg7 19. dxe6 Nxe6 20. Ne4 Rc6 21. f5 gxf5
22. Ng3 Rc5 23. Bd5 f4 24. Bxe6 Rxe6 25. Qd4+ Qf6 26. Qxc5 Nxc5 27. Nh5+ Kf7 28.
Nxf6 Rxf6 29. Rf3 Ne4 30. Rd1 Ke6 31. Re1 d5 32. g3 Ke5 33. Rxf4 Rxf4 34. gxf4+
Kxf4 35. Rd1 Ke5 36. Kg2 d4 37. Kf3 Ng5+ 38. Kg4 Ne6 39. Re1+ Kd5 40. Kf5 Nc5
41. Re8 Nxa4 42. Rd8+ Kc5 43. Ke4 Nxb2 44. Rd5+ Kb4 45. Kxd4 b5 46. Rh5 c3 47.
Ke3 a5 48. Rxh7 Nc4+ 49. Kd3 Kb3 50. Rg7 c2 51. Rg1 Ne5+ 52. Ke4 Ng6 53. Kd3
Ne5+ 54. Ke4 Kb2 55. Kxe5 a4 56. Kd4 a3 57. Kd3 c1=Q 58. Rxc1 Kxc1 59. Kc3 a2
60. Kb4 a1=Q 0-1

[Event "ch-RUS Rapid Women 2017"]
[Site "Sochi RUS"]
[Date "2017.10.01"]
[Round "6.2"]
[White "Goryachkina, Aleksandra"]
[Black "Ambartsumova, Karina"]
[Result "0-1"]
[WhiteTitle "WGM"]
[BlackTitle "WGM"]
[WhiteElo "2478"]
[BlackElo "2359"]
[WhiteFideId "4147103"]
[BlackFideId "4166299"]
[EventDate "2017.09.30"]

1. e4 c5 2. Nf3 e6 3. c3 d5 4. exd5 Qxd5 5. d4 Nf6 6. Na3 cxd4 7. Nb5 Na6 8.
Qxd4 Bc5 9. Qxd5 Nxd5 10. a3 Nac7 11. Nbd4 O-O 12. Be2 f6 13. c4 Nb6 14. b4 Be7
15. O-O e5 16. Nb3 Na4 17. Bd2 Be6 18. Rac1 b6 19. Be3 Rfd8 20. Nfd2 f5 21. f4
e4 22. Nd4 Bf6 23. N2b3 g6 24. Nc6 Nc3 25. Rf2 Nxe2+ 26. Rxe2 Rd3 27. Bd4 Bxd4+
28. Nbxd4 Rxa3 29. c5 b5 30. Nxe6 Nxe6 31. g3 Ra6 32. Ne5 Nd4 33. Re3 Ra4 34.
Rb1 Rd8 35. Kf1 Ra2 36. h4 Rd2 37. Rc1 Nc2 38. Re2 Rd1+ 39. Rxd1 Rxd1+ 40. Kg2
Nxb4 41. Rb2 a5 42. g4 Rc1 43. c6 Nxc6 44. Nxc6 Rxc6 45. Rxb5 Ra6 46. gxf5 gxf5
47. Rxf5 a4 48. Kf2 a3 49. Rg5+ Kf7 50. Rg1 a2 51. Ra1 Ra3 0-1

[Event "ch-RUS Rapid Women 2017"]
[Site "Sochi RUS"]
[Date "2017.10.01"]
[Round "6.3"]
[White "Gritsayeva, Oksana"]
[Black "Drozdova, Dina"]
[Result "1-0"]
[WhiteTitle "WFM"]
[BlackTitle "WIM"]
[WhiteElo "2373"]
[BlackElo "2223"]
[WhiteFideId "14104652"]
[BlackFideId "4170695"]
[EventDate "2017.09.30"]

1. Nf3 Nf6 2. d4 e6 3. c4 b6 4. Nc3 Bb7 5. a3 Ne4 6. Nxe4 Bxe4 7. Nd2 Bb7 8. e4
d6 9. d5 e5 10. Qg4 Nd7 11. Be2 g6 12. h4 h5 13. Qf3 Bc8 14. Nf1 Be7 15. g3 a5
16. b3 Nc5 17. Bb2 Bf6 18. Qe3 Bg7 19. Nd2 Qe7 20. O-O-O Bd7 21. f4 exf4 22.
gxf4 Bxb2+ 23. Kxb2 O-O-O 24. Qd4 Bg4 25. Rde1 Rde8 26. b4 Nb7 27. Bd3 Qd7 28.
Kb3 Kb8 29. Nb1 Rhf8 30. Qf6 Qe7 31. Qxe7 Rxe7 32. Kc3 Rfe8 33. Rhf1 Kc8 34. Kd4
f6 35. Nd2 g5 36. hxg5 fxg5 37. e5 gxf4 38. e6 Rf8 39. Re4 f3 40. Ke3 Nd8 41.
Nxf3 c6 42. Nd4 Rxf1 43. Bxf1 Kc7 44. Be2 Bxe2 45. Kxe2 axb4 46. axb4 b5 47. Nf5
Re8 48. e7 bxc4 49. exd8=Q+ Kxd8 50. Rxe8+ Kxe8 51. dxc6 1-0